000 00338pab a2200145 454500
008 180718b1985 xxu||||| |||| 00| 0 eng d
100 _aRajaiah, B.
245 _aReaching the rural poor
_bSome reflections
260 _c1985
300 _a27-9
362 _aDec.
650 _aPoverty - India
773 _aKurukshetra
909 _a15861
999 _c15861
_d15861